[Event "Plzen op 8th"]
[Site "Plzen"]
[Date "2016.10.11"]
[Round "3"]
[White "Malinovsky, Petr"]
[Black "Zoubek, Vladimir"]
[Result "1-0"]
[WhiteElo "1980"]
[BlackElo "1558"]
[PlyCount "45"]
[EventDate "2016.10.09"]
[EventType "swiss"]
[EventRounds "7"]
[EventCountry "CZE"]
[SourceTitle "EXT 2017"]
[Source "ChessBase"]
[SourceDate "2016.10.25"]
[SourceVersion "1"]
[SourceVersionDate "2016.10.25"]
[SourceQuality "1"]

1. d4 Nf6 2. c4 e6 3. Nc3 d5 4. cxd5 exd5 5. Bg5 Be7 6. e3 Nbd7 7. Bd3 0-0 8. Qc2 h6 9. Bh4 c6 10. Nge2 b6 11. 0-0 a5 12. Rad1 Re8 13. f3 Kh8 14. h3 Bb7 15. e4 c5 16. e5 Ng8 17. Bf2 g6 18. Bb5 Bf8 19. Nf4 Ne7 20. Qa4 Nf5 21. Bxd7 Re7 22. e6 g5 23. Nfxd5 1-0

[Event "Plzen op 6th"]
[Site "Plzen"]
[Date "2014.11.24"]
[Round "2"]
[White "Zoubek, Vladimir"]
[Black "Pribylova, Sofie"]
[Result "0-1"]
[WhiteElo "1640"]
[BlackElo "1763"]
[PlyCount "72"]
[EventDate "2014.11.23"]
[EventType "swiss"]
[EventRounds "7"]
[EventCountry "CZE"]
[SourceTitle "CBM 163 Extra"]
[Source "ChessBase"]
[SourceDate "2014.12.23"]
[SourceVersion "1"]
[SourceVersionDate "2014.12.23"]
[SourceQuality "1"]

1. d4 Nf6 2. Nf3 g6 3. Bf4 Bg7 4. h3 0-0 5. Nbd2 d6 6. e3 Nbd7 7. c3 Qe8 8. Bd3 e5 9. Bg5 e4 10. Bxf6 Nxf6 11. Be2 exf3 12. Nxf3 Be6 13. c4 d5 14. c5 b6 15. b4 bxc5 16. dxc5 Ne4 17. Nd4 Nc3 18. Qc2 Nxe2 19. Qxe2 Bxd4 20. exd4 Bd7 21. Kd2 Qxe2+ 22. Kxe2 Rab8 23. Rab1 Rfe8+ 24. Kd2 Re4 25. Kc3 Re2 26. Rhe1 Rxf2 27. Re7 Re8 28. Rbe1 Kf8 29. Rxe8+ Bxe8 30. a3 Rxg2 31. Re3 Ba4 32. b5 Bxb5 33. Kb4 Rb2+ 34. Ka5 a6 35. h4 Rd2 36. a4 Ra2 0-1

[Event "Plzen op 5th"]
[Site "Plzen"]
[Date "2013.11.27"]
[Round "4"]
[White "Zoubek, Vladimir"]
[Black "Tejkal, Jiri"]
[Result "0-1"]
[WhiteElo "1654"]
[BlackElo "1970"]
[PlyCount "122"]
[EventDate "2013.11.24"]
[EventType "swiss"]
[EventRounds "7"]
[EventCountry "CZE"]
[SourceTitle "CBM 157 Extra"]
[Source "ChessBase"]
[SourceDate "2013.12.19"]
[SourceVersion "1"]
[SourceVersionDate "2013.12.19"]
[SourceQuality "1"]

1. d4 d5 2. c4 c6 3. Nc3 Nf6 4. cxd5 cxd5 5. Nf3 Nc6 6. h3 Bf5 7. Nh4 Be6 8. e3 g6 9. Bd3 Bg7 10. Nf3 0-0 11. 0-0 a6 12. a4 Rc8 13. Bd2 Na5 14. Ne5 Nd7 15. Nf3 f6 16. Re1 Bf7 17. Ne2 e5 18. Bb1 Nc4 19. Bc3 Re8 20. Nh2 Nf8 21. Nf1 Qd7 22. Nd2 Nd6 23. a5 Nb5 24. Qa4 Nxc3 25. Qxd7 Nxe2+ 26. Rxe2 Nxd7 27. Nb3 exd4 28. Nxd4 Rc1+ 29. Kh2 f5 30. Rc2 Be5+ 31. g3 Rd1 32. Nf3 Bd6 33. Rd2 Rxd2 34. Nxd2 Be5 35. Ba2 Rc8 36. Nf3 Bxb2 37. Rb1 Bc3 38. Ng5 Rc7 39. Nxf7 Kxf7 40. Bxd5+ Ke7 41. Bxb7 Nc5 42. Bd5 Bxa5 43. Rb8 Bc3 44. Kg2 a5 45. Ra8 Kd6 46. Bg8 Bb4 47. Rd8+ Kc6 48. Bd5+ Kb5 49. Rb8+ Ka4 50. Rb6 Ne4 51. Kf3 Rc2 52. Bxe4 fxe4+ 53. Kxe4 Rxf2 54. Rb7 Kb3 55. Rxh7 a4 56. Rg7 Rf6 57. Kd3 Ra6 58. Rb7 a3 59. Rc7 a2 60. Rc1 a1Q 61. Rxa1 Rxa1 0-1

[Event "Plzen op 5th"]
[Site "Plzen"]
[Date "2013.11.24"]
[Round "1"]
[White "Vlk, Miloslav"]
[Black "Zoubek, Vladimir"]
[Result "1-0"]
[WhiteElo "2006"]
[BlackElo "1654"]
[PlyCount "75"]
[EventDate "2013.11.24"]
[EventType "swiss"]
[EventRounds "7"]
[EventCountry "CZE"]
[SourceTitle "CBM 157 Extra"]
[Source "ChessBase"]
[SourceDate "2013.12.19"]
[SourceVersion "1"]
[SourceVersionDate "2013.12.19"]
[SourceQuality "1"]

1. c4 Nf6 2. Nc3 c5 3. g3 Nc6 4. Bg2 e6 5. e3 Be7 6. Nge2 d5 7. cxd5 exd5 8. d4 0-0 9. 0-0 cxd4 10. Nxd4 Nxd4 11. Qxd4 Be6 12. Rd1 Qa5 13. Bd2 Qc5 14. Qf4 Rfd8 15. Ne2 Nh5 16. Qa4 b5 17. Qa5 Rab8 18. Rac1 Qb6 19. Nd4 Bd7 20. Rc7 a6 21. Rdc1 Nf6 22. Qxb6 Rxb6 23. Ba5 Bd6 24. Bxb6 Bxc7 25. Rxc7 Rb8 26. Bc5 a5 27. Bxd5 b4 28. Nc6 Rb5 29. Bf3 h6 30. Bd4 Be6 31. Bxf6 gxf6 32. Nd4 Re5 33. Nxe6 fxe6 34. Rb7 Rc5 35. a3 bxa3 36. bxa3 Rc1+ 37. Kg2 Rc3 38. a4 1-0

[Event "Plzen op 4th"]
[Site "Plzen"]
[Date "2012.11.23"]
[Round "6"]
[White "Bechynsky, Jan"]
[Black "Zoubek, Vladimir"]
[Result "1-0"]
[WhiteElo "1832"]
[BlackElo "1666"]
[PlyCount "57"]
[EventDate "2012.11.18"]
[EventType "swiss"]
[EventRounds "7"]
[EventCountry "CZE"]
[SourceTitle "CBM 151 Extra"]
[Source "ChessBase"]
[SourceDate "2012.12.18"]
[SourceVersion "1"]
[SourceVersionDate "2012.12.18"]
[SourceQuality "1"]

1. e4 c5 2. Nf3 d6 3. d4 cxd4 4. Nxd4 Nf6 5. Nc3 a6 6. f4 Nbd7 7. Be2 e6 8. Bf3 Qc7 9. 0-0 Be7 10. Kh1 Rb8 11. a4 e5 12. Nf5 Bf8 13. fxe5 dxe5 14. Bg5 h6 15. Bh4 g6 16. Ne3 Qc6 17. Ned5 Bg7 18. Be2 b6 19. b4 g5 20. b5 Qb7 21. bxa6 Qc6 22. Bb5 Qd6 23. Nxf6+ Ke7 24. Ncd5+ Kd8 25. Nxd7 Bxd7 26. Rxf7 Bxb5 27. axb5 gxh4 28. Rxg7 Kc8 29. Ne7+ 1-0

[Event "Plzen op 4th"]
[Site "Plzen"]
[Date "2012.11.18"]
[Round "1"]
[White "Zoubek, Vladimir"]
[Black "Tsenov, Tsvetoslav"]
[Result "0-1"]
[WhiteElo "1666"]
[BlackElo "2118"]
[PlyCount "66"]
[EventDate "2012.11.18"]
[EventType "swiss"]
[EventRounds "7"]
[EventCountry "CZE"]
[SourceTitle "CBM 151 Extra"]
[Source "ChessBase"]
[SourceDate "2012.12.18"]
[SourceVersion "1"]
[SourceVersionDate "2012.12.18"]
[SourceQuality "1"]

1. c4 e5 2. Nc3 Nc6 3. Nf3 f5 4. d3 Nf6 5. Bg5 Bb4 6. e3 0-0 7. Qc2 Qe8 8. Be2 d6 9. h3 e4 10. Nd2 exd3 11. Qxd3 Ne4 12. Bf4 Bxc3 13. bxc3 Nc5 14. Qc2 Ne5 15. a4 Ng6 16. Bh2 f4 17. e4 Bd7 18. a5 Bc6 19. f3 Qd7 20. Bg1 Nh4 21. Bf1 Ba4 22. Qb2 Nxg2+ 23. Ke2 Ne3 24. Bxe3 fxe3 25. Kxe3 Qf7 26. Rg1 Qf4+ 27. Ke2 h5 28. Qb1 Rae8 29. Bg2 c6 30. Rh1 Qg5 31. Ra2 Qxg2+ 32. Ke3 Rxe4+ 33. Nxe4 Rxf3+ 0-1